| 000 | 01304cam a2200349 a 4500 | ||
|---|---|---|---|
| 001 | 673348 | ||
| 003 | OSt | ||
| 005 | 20140310182522.0 | ||
| 008 | 950928s1996 paua b 001 0 eng c | ||
| 010 | _a 95044618 | ||
| 020 | _a9780781791908 | ||
| 020 | _a0781791901 | ||
| 040 |
_aDNLM/DLC _cDLC _dDLC |
||
| 050 | 1 | 0 |
_aRC 941 _b.St85 1996 |
| 060 | 1 | 0 | _aWF 17 S839h 1996 |
| 082 | 0 | 0 | _a617.5/407572 |
| 100 | 1 |
_aStern, Eric J. _99363 |
|
| 245 | 1 | 0 |
_aHigh-resolution CT of the chest : _bcomprehensive atlas / _cEric J. Stern, Stephen J. Swensen. |
| 260 |
_aPhiladelphia : _bLippincott-Raven, _cc2010. |
||
| 300 |
_a289 p. : _bill. ; _c29 cm. |
||
| 504 | _aIncludes bibliographical references and index. | ||
| 650 | 0 |
_aChest _xTomography _xAtlases. _99364 |
|
| 650 | 1 | 2 |
_aRespiratory Tract Diseases _xradiography _xatlases. _99365 |
| 650 | 2 | 2 |
_aRespiratory System _xpathology _xatlases. _99366 |
| 650 | 2 | 2 |
_aThoracic Radiography _xatlases. _99367 |
| 650 | 2 | 2 |
_aTomography, X-Ray Computed _xatlases. _99368 |
| 700 | 1 |
_aSwensen, Stephen J. _99369 |
|
| 906 |
_a7 _bcbc _corignew _d1 _eocip _f19 _gy-gencatlg |
||
| 942 |
_2lcc _cSSLC |
||
| 999 |
_c14029 _d14029 |
||